| 000 | 00503nam a2200181Ia 4500 | ||
|---|---|---|---|
| 008 | 090124s9999 xx 000 0 und d | ||
| 082 |
_b14959 _a5340 |
||
| 100 | _aखानोलकर चि.त्र्यं. | ||
| 245 | _a अजगर | ||
| 250 | _a1 | ||
| 260 | _c1965 | ||
| 300 | _a112 | ||
| 600 | _aखानोलकर चि.त्र्यं. | ||
| 630 | _a अजगर | ||
| 700 | _aखानोलकर चि.त्र्यं. | ||
| 730 | _a अजगर | ||
| 942 | _cBOOK | ||
| 999 |
_c128899 _d128899 |
||